Memory, history, forgetting

Αποθηκεύτηκε σε:
Λεπτομέρειες βιβλιογραφικής εγγραφής
Κύριος συγγραφέας: Ricoeur, Paul
Μορφή: Βιβλίο
Γλώσσα:English
French
Δημοσίευση: Chicago : University of Chicago Press, c2004.
Θέματα:
Ετικέτες: Προσθήκη ετικέτας
Δεν υπάρχουν, Καταχωρήστε ετικέτα πρώτοι!

MARC

LEADER 00000cam a2200000 a 4500
001 1/115580
008 171215s2004####ilu| ||| |||| ||eng||
020 |a 9780226713427   |q (χαρτόδετο) 
020 |a 0226713423   |q (χαρτόδετο)  
020 |a 0226713415   |q (πανόδετο) 
035 |l 10116869 
040 |a GR-MyUa  |b gre  |c GR-MyUa  |e AACR2 
041 1 |a eng  |h fre 
082 7 |a 128.3   |2 (23) 
100 1 |a Ricoeur, Paul. 
245 1 0 |a Memory, history, forgetting /   |c Paul Ricoeur ; translated by Kathleen Blamey and David Pellauer.  
260 |a Chicago :   |b University of Chicago Press,   |c c2004.  
300 |a xvii, 642 σ. ;   |c 24 εκ.  
504 |a Περιλαμβάνει βιβλιογραφικές παραπομπές (σ. [607]-626) και ευρετήριο.  
650 0 |a Memory (Philosophy) 
650 0 |a History  |x Philosophy. 
852 |a INST  |b LESVOS  |e 20140226  |h 128.3 RIC  |p 005100053469  |q 005100053469  |t BK  |y 4  |x 20220805 
852 |a INST  |b SYROS  |e 20171215  |h 128.3 RIC  |p 005500013247  |q 005500013247  |t BK  |y 0 
901 |a BIBL1-2014-1 
922 |a 1ΕΛΗ  |b 201306  |c ΤΜΗΜΑ ΚΟΙΝΩΝΙΚΗΣ ΑΝΘΡΩΠΟΛΟΓΙΑΣ ΚΑΙ ΙΣΤΟΡΙΑΣ  |d ΙΩΑΝΝΙΔΟΥ 
970 |a ΤΖΑΦΕΡΗ  |b ΕΥΑΓΓΕΛΙΑ  |z 2014/02/27